| 000 -LEADER |
| fixed length control field |
01331nam a2200313 a 4500 |
| 001 - CONTROL NUMBER |
| control field |
017605444 |
| 003 - CONTROL NUMBER IDENTIFIER |
| control field |
UkOxU |
| 005 - DATE AND TIME OF LATEST TRANSACTION |
| control field |
20191218093416.0 |
| 008 - FIXED-LENGTH DATA ELEMENTS--GENERAL INFORMATION |
| fixed length control field |
071121r20081940enk 000 1 eng d |
| 015 ## - NATIONAL BIBLIOGRAPHY NUMBER |
| National bibliography number |
GBA7A1271 |
| Source |
bnb |
| 020 ## - INTERNATIONAL STANDARD BOOK NUMBER |
| International Standard Book Number |
9780008164966 |
| 035 ## - SYSTEM CONTROL NUMBER |
| System control number |
(IeDuTC)b129605918 |
| 035 ## - SYSTEM CONTROL NUMBER |
| System control number |
(UkLCURL)08b129605918 |
| 038 ## - RECORD CONTENT LICENSOR |
| Record content licensor |
Uk |
| 040 ## - CATALOGING SOURCE |
| Original cataloging agency |
StDuBDS |
| Language of cataloging |
eng |
| Transcribing agency |
StDuBDS |
| 049 ## - LOCAL HOLDINGS (OCLC) |
| Local processing data |
b |
| 082 ## - DEWEY DECIMAL CLASSIFICATION NUMBER |
| Classification number |
FIC CHR |
| 100 1# - MAIN ENTRY--PERSONAL NAME |
| Personal name |
Christie, Agatha, |
| Dates associated with a name |
1890-1976. |
| Relator term |
author |
| 245 10 - TITLE STATEMENT |
| Title |
One, two, buckle my shoe / |
| Statement of responsibility, etc. |
Agatha Christie. |
| 260 ## - PUBLICATION, DISTRIBUTION, ETC. |
| Place of publication, distribution, etc. |
London : |
| Name of publisher, distributor, etc. |
HarperCollins, |
| Date of publication, distribution, etc. |
2016. |
| 300 ## - PHYSICAL DESCRIPTION |
| Extent |
241 p. ; |
| Dimensions |
20 cm. |
| 440 ## - SERIES STATEMENT/ADDED ENTRY--TITLE |
| Title |
Poirot |
| 500 ## - GENERAL NOTE |
| General note |
Originally published: London: Collins, 1940. |
| 520 ## - SUMMARY, ETC. |
| Summary, etc. |
Thirteen guests gather for drinks at actor Charles Cartwright?s seaside escape. Benign Reverend Babbington, who rarely imbibes, takes one sip of his beverage and keels over dead. Soon after Sir Bartholomew Strange convenes the same party and meets his own end after swallowing port. One death could be natural, but two mean murder. Hercule Poirot, who was present at both affairs, stages a third soirée to catch the cocktail killer. |
| 600 10 - SUBJECT ADDED ENTRY--PERSONAL NAME |
| Personal name |
Poirot, Hercule |
| Titles and other words associated with a name |
(Fictitious character) |
| Form subdivision |
Fiction. |
| 650 ## - SUBJECT ADDED ENTRY--TOPICAL TERM |
| Topical term or geographic name entry element |
Private investigators |
| General subdivision |
Fiction |
| Geographic subdivision |
England |
| 655 #0 - INDEX TERM--GENRE/FORM |
| Genre/form data or focus term |
Detective and mystery stories. |
| 942 ## - ADDED ENTRY ELEMENTS (KOHA) |
| Source of classification or shelving scheme |
|
| Koha item type |
Books - Fiction |